Central Library OPAC University of Rajshahi

Modern economic development of Pakistan / (Record no. 19947)

MARC details
000 -LEADER
fixed length control field 00651nam a2200229 a 4500
001 - CONTROL NUMBER
control field 19947
003 - CONTROL NUMBER IDENTIFIER
rucl marc code BD-RjUL
005 - DATE AND TIME OF LATEST TRANSACTION
control field 20211209000512.0
008 - FIXED-LENGTH DATA ELEMENTS--GENERAL INFORMATION
fixed length control field 160723s1968 pk a 000 0 eng d
020 ## - INTERNATIONAL STANDARD BOOK NUMBER
Terms of availability : IRs 8.00
035 ## - SYSTEM CONTROL NUMBER
System control number (BD-RjUL)20008
040 ## - CATALOGING SOURCE
Original cataloging agency DLC
Transcribing agency DLC
Modifying agency DLC
-- BD-RjUL
Language of cataloging eng
041 ## - LANGUAGE CODE
Language code of text/sound track or separate title eng
082 00 - DEWEY DECIMAL CLASSIFICATION NUMBER
Classification number 338.95491
Author mark and year SHM 1968
Edition number 23
100 1# - MAIN ENTRY--PERSONAL NAME
Personal name Sharif, M. Raihan.
9 (RLIN) 61311
245 10 - TITLE STATEMENT
Title Modern economic development of Pakistan /
Statement of responsibility, etc. by M. R. Sharif.
250 ## - EDITION STATEMENT
Edition statement 2nd ed.
260 ## - PUBLICATION, DISTRIBUTION, ETC. (IMPRINT)
Place of publication, distribution, etc. Dacca :
Name of publisher, distributor, etc. Mullick Bros,
Date of publication, distribution, etc. 1968,
300 ## - PHYSICAL DESCRIPTION
Pagination xvi, 413 p. :
Illustrations ill. ;
Size 22 cm.
651 #0 - SUBJECT ADDED ENTRY--GEOGRAPHIC NAME
Geographic name Pakistan
General subdivision Economic conditions.
9 (RLIN) 61312
942 ## - ADDED ENTRY ELEMENTS (KOHA)
Source of classification or shelving scheme Dewey Decimal Classification
Koha item type Books
Holdings
Lost status Source of classification or shelving scheme Damaged status Not for loan Collection code Permanent Location Current Location Shelving location Date acquired Source of acquisition Cost, normal purchase price Total Checkouts Full call number Date last seen Copy number Koha item type
  Dewey Decimal Classification     Non-fiction Central Library, University of Rajshahi Central Library, University of Rajshahi   09/05/1969 Warsi book cor. Dhaka 8.00   338.95491 SHM 1968 26/02/2014 C-2 Books
  Dewey Decimal Classification     Non-fiction Central Library, University of Rajshahi Central Library, University of Rajshahi   09/05/1969 Warsi book cor. Dhaka 8.00   338.95491 SHM 1968 23/07/2016 C-3 Books
  Dewey Decimal Classification     Non-fiction Central Library, University of Rajshahi Central Library, University of Rajshahi   09/05/1969 Warsi book cor. Dhaka 8.00   338.95491 SHM 1968 23/07/2016 C-4 Books
  Dewey Decimal Classification     Non-fiction Central Library, University of Rajshahi Central Library, University of Rajshahi   09/05/1969 waris book centre, Dhaka 8.00   338.95491 SHM 1968 30/07/2016 C-1 Books
  Dewey Decimal Classification     Non-fiction Central Library, University of Rajshahi Central Library, University of Rajshahi   09/06/1969 Warri book co. 8.00   338.95491 SHM 1968 31/07/2016 C-5 Books
  Dewey Decimal Classification     Non-fiction Central Library, University of Rajshahi Central Library, University of Rajshahi   19/11/1968 Paramount book Corporation 8.00   338.95491 SHM 1968 01/08/2016 C-6 Books
  Dewey Decimal Classification     Non-fiction Central Library, University of Rajshahi Central Library, University of Rajshahi   09/05/1964 Warsi book Corp., Dacca 8.00   338.95491 SHM 1968 01/08/2016 C-7 Books
  Dewey Decimal Classification     Non-fiction Central Library, University of Rajshahi Central Library, University of Rajshahi   09/05/1964 Warsi book Corp., Dacca 8.00   338.95491 SHM 1968 02/08/2016 C-8 Books